<?xml version="1.0" encoding="UTF-8"?>
<record
    xmlns:xsi="http://www.w3.org/2001/XMLSchema-instance"
    xsi:schemaLocation="http://www.loc.gov/MARC21/slim http://www.loc.gov/standards/marcxml/schema/MARC21slim.xsd"
    xmlns="http://www.loc.gov/MARC21/slim">

  <leader>00789nam a22001937a 4500</leader>
  <controlfield tag="005">20231108105928.0</controlfield>
  <datafield tag="010" ind1=" " ind2=" ">
    <subfield code="a">HIN-126275</subfield>
  </datafield>
  <datafield tag="020" ind1=" " ind2=" ">
    <subfield code="a">9788192940731</subfield>
    <subfield code="c">300.00</subfield>
  </datafield>
  <datafield tag="035" ind1=" " ind2=" ">
    <subfield code="a">HN-98621</subfield>
  </datafield>
  <datafield tag="037" ind1=" " ind2=" ">
    <subfield code="b">DBAD/PUB</subfield>
  </datafield>
  <datafield tag="082" ind1=" " ind2=" ">
    <subfield code="a">&#x915; </subfield>
  </datafield>
  <datafield tag="100" ind1=" " ind2=" ">
    <subfield code="a">&#x916;&#x924;&#x94D;&#x930;&#x940; &#x930;&#x92E;&#x947;&#x936; </subfield>
    <subfield code="9">58276</subfield>
  </datafield>
  <datafield tag="245" ind1=" " ind2=" ">
    <subfield code="a">&#x922;&#x932;&#x93E;&#x928; &#x915;&#x947; &#x909;&#x938; &#x924;&#x930;&#x92B;  /</subfield>
    <subfield code="c">&#x930;&#x92E;&#x947;&#x936; &#x916;&#x924;&#x94D;&#x930;&#x940; </subfield>
    <subfield code="h">&#x939;&#x93F;&#x928;&#x94D;&#x926;&#x940; </subfield>
  </datafield>
  <datafield tag="260" ind1=" " ind2=" ">
    <subfield code="a"> &#x91C;&#x92F;&#x92A;&#x941;&#x930;</subfield>
    <subfield code="b">&#x92E;&#x902;&#x925;&#x928; &#x92A;&#x94D;&#x930;&#x915;&#x93E;&#x936;&#x928; </subfield>
    <subfield code="c">2022 </subfield>
  </datafield>
  <datafield tag="270" ind1=" " ind2=" ">
    <subfield code="b"> &#x91C;&#x92F;&#x92A;&#x941;&#x930;</subfield>
    <subfield code="a"> 85 / 175 , &#x91C;&#x940; -1 , &#x92A;&#x94D;&#x930;&#x924;&#x93E;&#x92A; &#x928;&#x917;&#x930; &#x938;&#x93E;&#x902;&#x917;&#x93E;&#x928;&#x947;&#x930; , &#x91C;&#x92F;&#x92A;&#x941;&#x930; </subfield>
    <subfield code="e"> 302033 </subfield>
  </datafield>
  <datafield tag="300" ind1=" " ind2=" ">
    <subfield code="a">   128 &#x92A;&#x94D;&#x930;&#x937;&#x94D;&#x920;</subfield>
    <subfield code="c">23  &#x938;&#x947;&#x92E;&#x940; (&#x938;&#x91C;&#x93F;&#x932;&#x94D;&#x926; )</subfield>
  </datafield>
  <datafield tag="700" ind1=" " ind2=" ">
    <subfield code="a">&#x930;&#x92E;&#x947;&#x936; &#x916;&#x924;&#x94D;&#x930;&#x940; </subfield>
    <subfield code="9">58277</subfield>
  </datafield>
  <datafield tag="942" ind1=" " ind2=" ">
    <subfield code="2">ddc</subfield>
    <subfield code="c">HN</subfield>
    <subfield code="h">&#x915; </subfield>
    <subfield code="m">&#x916;&#x924;&#x94D;&#x930;&#x940; </subfield>
  </datafield>
  <datafield tag="999" ind1=" " ind2=" ">
    <subfield code="c">199001</subfield>
    <subfield code="d">199001</subfield>
  </datafield>
  <datafield tag="952" ind1=" " ind2=" ">
    <subfield code="0">0</subfield>
    <subfield code="1">0</subfield>
    <subfield code="4">0</subfield>
    <subfield code="7">0</subfield>
    <subfield code="8">NFIC</subfield>
    <subfield code="a">DBAD</subfield>
    <subfield code="b">DBAD</subfield>
    <subfield code="d">2023-11-07</subfield>
    <subfield code="g">300.00</subfield>
    <subfield code="l">0</subfield>
    <subfield code="o">&#x915;  &#x916;&#x924;&#x94D;&#x930;&#x940; </subfield>
    <subfield code="p">Hn-98621</subfield>
    <subfield code="r">2023-11-08 00:00:00</subfield>
    <subfield code="v">300.00</subfield>
    <subfield code="w">2023-11-08</subfield>
    <subfield code="y">HN</subfield>
  </datafield>
</record>
